[Event "SLO-ch"]
[Site "Vrhnika"]
[Date "1995.??.??"]
[Round "?"]
[White "Gostisa, Leon"]
[Black "Soln, Primoz"]
[Result "1/2-1/2"]
[WhiteElo "2430"]
[BlackElo "2280"]

1.c4 c6 2.e4 d5 3.exd5 cxd5 4.d4 Nf6 5.Nc3 g6 6.cxd5 Nxd5 7.Bc4 Nb6 8.Bb3 Bg7
9.Nge2 Nc6 10.O-O O-O 11.d5 Na5 12.Bc2 e6 13.d6 Nac4 14.b3 Nxd6 15.Ba3 Nd5
16.Nxd5 exd5 17.Rc1 Be6 18.Nf4 Re8 19.Bd3 Be5 20.Nxe6 Rxe6 21.Bxd6 Qxd6 22.g3 Rd8
23.Rc2 Qb4 24.Qd2 Qxd2 25.Rxd2 Bc3 26.Rc2 d4 27.Rd1 Rde8 28.Kg2 Kg7 29.Kf3 f5
30.h4 Kf6 31.Re2 Rxe2 32.Bxe2 Re5 33.Rc1 h6 34.Bd3 a6 35.Bf1 g5 36.hxg5+ hxg5
37.Bd3 g4+ 38.Kg2 Re1 39.Rxe1 Bxe1 40.Kf1 Bc3 41.Ke2 Ke5 42.f3 gxf3+ 43.Kxf3 Be1
44.a4 Kd5 45.Bxf5 Kc5 46.g4 Kb4 47.Ke2 Bh4 48.Bc8 Kxb3 49.Bxb7 Kxa4 50.Kd3 Bf6
51.Bxa6  1/2-1/2

[Event "POL-ch (Women)"]
[Site "Warsaw"]
[Date "1995.??.??"]
[Round "4"]
[White "Aksiuczyc, Monika"]
[Black "Bartosik, Olimpia"]
[Result "1-0"]
[WhiteElo "2075"]
[BlackElo "2145"]

1.c4 c6 2.g3 d5 3.cxd5 cxd5 4.Bg2 Nf6 5.d4 Nc6 6.Nc3 Bf5 7.Nf3 e6 8.O-O Be7
9.Bf4 O-O 10.Rc1 Rc8 11.Ne5 Nd7 12.Nxc6 bxc6 13.e4 Bg6 14.Re1 Nb6 15.Bf1 Qd7
16.Ba6 Rcd8 17.e5 f6 18.exf6 gxf6 19.Qe2 Kf7 20.Nb5 Bb4 21.Nc3 Rde8 22.a3 Bd6
23.Bxd6 Qxd6 24.f4 Nd7 25.Qf2 Kg7 26.Bf1 Rb8 27.Bh3 f5 28.Bf1 Nf6 29.Qc2 Be8
30.b4 h5 31.Qa4 Rf7 32.Qd1 Kh6 33.Na4 Rg7 34.Nc5 Bf7 35.Nd3 h4 36.Ne5 Be8
37.Re3 Nh5 38.Kf2 Nf6 39.Bd3 a5 40.bxa5 Qxa3 41.Bxf5 Rb2+ 42.Rc2 Qa4 43.Qd2 Rb3
44.Ra2 Qb5 45.Bc2 Rxe3 46.Qxe3 hxg3+ 47.hxg3  1-0

[Event "Wattens op"]
[Site "Wattens"]
[Date "1995.??.??"]
[Round "?"]
[White "Niedermayer, Anton"]
[Black "Astl, Peter"]
[Result "0-1"]
[WhiteElo "2035"]
[BlackElo "2260"]

1.c4 c6 2.Nc3 d5 3.cxd5 cxd5 4.d4 Nf6 5.Nf3 Nc6 6.g3 Bf5 7.Bg2 e6 8.O-O Be7
9.Bf4 O-O 10.Rc1 Ne4 11.h3 Rc8 12.g4 Bg6 13.e3 Qa5 14.Qb3 Qb4 15.Qxb4 Nxb4
16.Ne5 Nxc3 17.bxc3 Nd3 18.Nxg6 hxg6 19.Rb1 Nxf4 20.exf4 b6 21.Rb3 f5 22.Re1 Kf7
23.Bf1 Bd6 24.Bb5 Rc7 25.a4 Bxf4 26.Re2 Kf6 27.f3 Ke7 28.Kg2 Kd6 29.Rc2 Bg5
30.a5 bxa5 31.Ra2 Rb8 32.Rxa5 Rcb7 33.Ra6+ Ke7  0-1

[Event "NBG Open Weilburg"]
[Site "Weilburg"]
[Date "1995.??.??"]
[Round "8"]
[White "Ksieski, Zbigniew"]
[Black "Liiva, Riho"]
[Result "0-1"]
[WhiteElo "2420"]
[BlackElo "2410"]

1.c4 c6 2.e4 e5 3.d4 Bb4+ 4.Bd2 Bxd2+ 5.Qxd2 d6 6.Nc3 Qf6 7.Nge2 Ne7 8.h4 O-O
9.d5 a6 10.Ng3 cxd5 11.cxd5 Ng6 12.f3 Nxh4 13.Nh5 Qe7 14.Qf2 Ng6 15.g4 Qg5
16.Qb6 Rd8 17.Be2 Qe7 18.Qe3 Nd7 19.Nxg7 Kxg7 20.Qh6+ Kg8 21.Qxh7+ Kf8 22.Qh6+ Ke8
23.b4 Qf6 24.g5 Qf4 25.Kf2 Ke7 26.Qg7 Qxg5 27.Rh7 Qf6 28.Qh6 Ngf8 29.Rh1 Nxh7
30.Qxh7 Nf8  0-1

[Event "Werfen op-B"]
[Site "Werfen"]
[Date "1995.??.??"]
[Round "5"]
[White "Peneder, Hans"]
[Black "Schneider, Martin"]
[Result "1/2-1/2"]
[WhiteElo "1750"]
[BlackElo "1895"]

1.c4 c6 2.Nc3 d5 3.cxd5 cxd5 4.d4 Nf6 5.Bf4 Nc6 6.Nf3 e6 7.e3 Be7 8.Nb5 Qa5+
9.Nd2 O-O 10.f3 Ne8 11.a3 f6 12.b4 Qb6 13.Nc3 a6 14.Na4 Qd8 15.Bg3 Nd6 16.Bd3 b5
17.Qc2 Nc4 18.Bxh7+ Kh8 19.Qg6 Qe8 20.Nxc4 bxc4 21.Nb6 Qxg6 22.Bxg6 Ra7 23.Kd2 Rb7
24.Nxc8 Rxc8 25.Rab1 f5 26.h4 Kg8 27.h5 Bg5 28.f4 Bf6 29.h6 gxh6 30.Rxh6 Rcb8
31.Rbh1 a5 32.Be8 Rxe8 33.Rxf6 Rg7 34.Rfh6 axb4 35.axb4 Nxb4 36.Kc3 Nc6 37.Bh4 Rxg2
38.Bg5 Rb8 39.Rh8+ Kf7 40.R1h7+ Kg6 41.Rh6+ Kf7 42.Rf6+ Ke7 43.Rff8+ Rxg5
44.Rxb8 Rg3 45.Rb7+ Kd6 46.Kd2 Rg2+ 47.Ke1 Rg1+ 48.Kf2 Rd1 49.Rhh7 Nxd4 50.exd4 Rxd4  1/2-1/2

[Event "Werfen op-B"]
[Site "Werfen"]
[Date "1995.??.??"]
[Round "6"]
[White "Hamberger, Josef"]
[Black "Peneder, Hans"]
[Result "1/2-1/2"]
[WhiteElo "1845"]
[BlackElo "1750"]

1.c4 c6 2.g3 d5 3.Bg2 e5 4.b3 Be6 5.Bb2 Nd7 6.Nf3 dxc4 7.bxc4 Qb6 8.Qb3 Bxc4
9.Qxb6 axb6 10.Nxe5 Nxe5 11.Bxe5 Rxa2 12.Rxa2 Bxa2 13.Nc3 Bc4 14.d3 Ba6 15.O-O f6
16.Bc7 b5 17.Ra1 Kd7 18.Bb6 Bd6 19.Ne4 Ne7 20.Bh3+ f5 21.d4 g6 22.Nxd6 Kxd6
23.e4 Re8 24.Bc5+ Ke6 25.Re1 Kf7 26.exf5 Nxf5 27.Rxe8 Kxe8 28.g4 Ne7 29.Bg2 Kd7
30.f4 Ke6 31.Kf2 Nd5 32.Bxd5+ Kxd5 33.Ke3 b6 34.Bxb6 b4 35.Bc5 b3 36.Ba3 Bc8
37.h3 h5 38.f5 hxg4 39.hxg4 gxf5 40.gxf5 Bxf5 41.Bb2 Kc4 42.Kd2 Bg6 43.Ke3  1/2-1/2

[Event "Sonnevanck-B"]
[Site "Wijk aan Zee"]
[Date "1995.??.??"]
[Round "2"]
[White "Peelen, Piet"]
[Black "Van de Oudeweetering, Arthur"]
[Result "0-1"]
[WhiteElo "2395"]
[BlackElo "2330"]

1.c4 c6 2.e4 d5 3.exd5 Nf6 4.d4 cxd5 5.Nc3 Nc6 6.Bg5 Be6 7.Be2 Qa5 8.Nf3 Rd8
9.O-O dxc4 10.Qc1 h6 11.Bxf6 exf6 12.d5 Bxd5 13.Nxd5 Rxd5 14.Bxc4 Rd7 15.Rd1 Bd6
16.Qe3+ Re7 17.Bxf7+ Kxf7 18.Qb3+ Kg6 19.Qd3+ Kf7 20.Qb3+ Kg6 21.Nh4+ Kh7
22.Qd3+ Kg8 23.Qc4+ Kh7 24.Qd3+ Kg8 25.Qxd6 Kf7 26.b4 Qe5 27.Qd3 Rd8 28.Qg6+ Kg8
29.g3 Rxd1+ 30.Rxd1 Qe2 31.Qb1 Re4 32.Qb3+ Kh7 33.b5 Ne5 34.f4 Ng4 35.Ng2 Qf2+
36.Kh1 Qc5 37.h3 Qh5 38.Nh4 Nf2+ 39.Kg2 Nxd1 40.g4 Qxh4 41.Qd3  0-1

[Event "Oberliga Wuert9495"]
[Site "Wuerttemberg"]
[Date "1995.??.??"]
[Round "?"]
[White "Wilde, Pierre"]
[Black "Seeger, Werner"]
[Result "1/2-1/2"]
[WhiteElo "2295"]
[BlackElo "2205"]

1.c4 c6 2.d4 Nf6 3.Nc3 d6 4.e4 e5 5.Nf3 Nbd7 6.Be2 g6 7.Bg5 Bg7 8.d5 c5 9.Nd2 h6
10.Be3 h5 11.h4 Bh6 12.Bxh6 Rxh6 13.Nf1 a6 14.Qd2 Rh8 15.Ne3 Rb8 16.g3 Qa5
17.f4 b5 18.Bd3 Kf8 19.f5 Kg7 20.O-O b4 21.Ne2 Qd8 22.Rf2 Nh7 23.Raf1 Ndf6
24.fxg6 fxg6 25.Kg2 Rb7 26.Ng1 Rf8 27.Rf3 Rbf7 28.R1f2 Qd7 29.Qc2 Kg8 30.Bf1 a5
31.Kh2 Qe7 32.Qd3 Bg4 33.Bh3 Bxf3 34.Rxf3 Rg7 35.Be6+ Kh8 36.Kg2 Ne8 37.Nh3 Nc7
38.Rxf8+ Qxf8 39.Nf2 Qf6 40.Bh3 Rf7 41.Qe2 Kg7 42.Nd3 Kf8 43.Ne1 Ke7 44.Kg1 Rf8
45.Bg2 Qg7 46.Nd3 Qh6 47.Nf2 Ne8 48.Nfd1 Nhf6 49.Qc2 Ng4 50.Nxg4 hxg4 51.Qe2 Nf6
52.Ne3 Qh5 53.Qd1 Rd8 54.Kf2 Qh8 55.Nxg4 Rf8 56.Kg1 Nxg4 57.Qxg4 Qf6 58.Kh2 a4
59.Qd1 Ra8 60.Qd2 Rg8 61.Qg5  1/2-1/2

[Event "ARM-ch"]
[Site "Yerevan"]
[Date "1995.??.??"]
[Round "3"]
[White "Minasian, Ara"]
[Black "Kalantarian, Norik"]
[Result "1/2-1/2"]
[WhiteElo "2425"]
[BlackElo "2495"]

1.c4 c6 2.d4 Nf6 3.Nf3 d6 4.Nc3 Nbd7 5.d5 g6 6.e4 Bg7 7.Be2 O-O 8.O-O Nc5
9.Nd2 a5 10.Rb1 e6 11.dxe6 Bxe6 12.b3 d5 13.cxd5 cxd5 14.exd5 Nxd5 15.Nxd5 Bxd5
16.Ba3 b6 17.Bf3 Bxf3 18.Nxf3 Qxd1 19.Rfxd1 Rfd8  1/2-1/2

[Event "EU-ch U18 Girls"]
[Site "Zagan"]
[Date "1995.??.??"]
[Round "2"]
[White "Pitam, Ela"]
[Black "Sidorova, Elena"]
[Result "1-0"]
[WhiteElo "2190"]
[BlackElo "2060"]

1.c4 c6 2.Nf3 d5 3.e3 Nf6 4.Nc3 g6 5.Qb3 a6 6.d4 Bg7 7.Be2 O-O 8.a4 a5 9.O-O dxc4
10.Bxc4 Nfd7 11.e4 Nb6 12.Be2 Be6 13.d5 cxd5 14.Ng5 Nc6 15.Nxe6 fxe6 16.Nb5 Ne5
17.Qh3 Qd7 18.Be3 Nbc4 19.Bxc4 Nxc4 20.exd5 Ra6 21.Rac1 Rc8 22.dxe6 Qxe6
23.Qxe6+ Rxe6 24.Na7 Rc7 25.Bf4  1-0

[Event "EU-ch U18 Girls"]
[Site "Zagan"]
[Date "1995.??.??"]
[Round "4"]
[White "Smokina, Karolina"]
[Black "Sidorova, Elena"]
[Result "1-0"]
[WhiteElo "2135"]
[BlackElo "2060"]

1.c4 c6 2.d4 d5 3.cxd5 cxd5 4.Nc3 Nf6 5.Bf4 Nc6 6.Nf3 Bf5 7.e3 e6 8.Bb5 Nd7
9.Qa4 Rc8 10.Bxc6 Rxc6 11.Qxa7 Qc8 12.Qa5 Bd3 13.Kd2 Ba6 14.Rhc1 Rc4 15.Nb5 b6
16.Rxc4 Qxc4 17.Nc7+ Qxc7 18.Qxa6 Bb4+ 19.Kd1 Qd8 20.Ne5 Nxe5 21.Bxe5 O-O
22.Rc1 Bd6 23.Bg3 h5 24.Rc6 Bxg3 25.hxg3 h4 26.gxh4 Qxh4 27.g3 Qh1+ 28.Kd2 Qh2
29.Qe2 Rb8 30.Qf3 Qh3 31.Qf4 Rb7 32.Rc8+ Kh7 33.g4 Kg6 34.Rc6 Qh4 35.Ke2 Qg5
36.Qg3 Qh6 37.f4 Kh7 38.f5 g5 39.fxg6+ Kxg6 40.Rc8 Kg7 41.Qe5+ f6 42.Qxe6 Qh2+
43.Kd3 Qh7+ 44.Kc3 b5 45.Qxd5 b4+ 46.Kd2 Qh2+ 47.Kd3 Rf7 48.Rc2 Qg1 49.Qg2 Qd1+
50.Qd2 Qf1+ 51.Qe2 Qb1 52.Kd2 Qxa2 53.Kd1 Qb3 54.Ke1 Re7 55.Kf2 Kg6 56.Rc5 Re4
57.Rc6 Qd5 58.Qc4 Qxc4 59.Rxc4 Rxg4 60.Rxb4 Kf5 61.Kf3 Rh4 62.Rb5+ Ke6 63.b4 Rh1
64.Rb6+ Kd5 65.Ke2 Rb1 66.Rxf6 Rxb4 67.Rf5+ Kd6 68.Kd3 Rb1 69.Rf6+ Ke7 70.Ra6 Rd1+
71.Ke4 Re1 72.d5 Kd7 73.Kd4 Rd1+ 74.Ke5 Rh1 75.Ra7+ Ke8  1-0

[Event "EU-ch U18"]
[Site "Zagan"]
[Date "1995.??.??"]
[Round "11"]
[White "Ruck, Robert"]
[Black "Grund, Holger"]
[Result "1-0"]
[WhiteElo "2480"]
[BlackElo "2335"]

1.c4 c6 2.d4 d5 3.cxd5 cxd5 4.Nc3 Nf6 5.Bf4 e6 6.e3 Nc6 7.Bd3 Be7 8.h3 O-O
9.Nf3 Bd7 10.O-O a6 11.Rc1 Rc8 12.Ne5 g6 13.Bh6 Re8 14.f4 Na5 15.Qe2 b5 16.a3 Qb6
17.Bg5 Qa7 18.Qf2 Kg7 19.Qh4 h5 20.Qg3 Rg8 21.Bxg6  1-0

[Event "EU-ch U18"]
[Site "Zagan"]
[Date "1995.??.??"]
[Round "11"]
[White "Muningis, Paulius"]
[Black "Ferguson, Mark"]
[Result "0-1"]
[WhiteElo "2095"]
[BlackElo "2360"]

1.c4 c6 2.Nf3 Nf6 3.g3 d5 4.b3 Bf5 5.Bg2 h6 6.O-O e6 7.Bb2 Be7 8.d3 O-O 9.Nbd2 a5
10.Re1 a4 11.e4 Bh7 12.e5 Nfd7 13.d4 Na6 14.a3 axb3 15.Qxb3 Qb6 16.Qc3 Rfc8
17.Kh1 c5 18.cxd5 cxd4 19.Qb3 d3 20.dxe6 fxe6 21.Nd4 Nac5 22.Qxb6 Nxb6 23.Bh3 Nba4
24.Bc1 Ra6 25.f4 Rd8 26.N4f3 Nc3 27.Bf1 N5e4 28.Kg2 Nxd2 29.Nxd2 Ra4 30.h3 Ne4
31.Rd1 Nxd2 32.Rxd2 Be4+ 33.Kh2 Bb4 34.Rd1 d2 35.Bb2 Bf3 36.Bc4 Bxd1 37.Bxe6+ Kf8
38.Rxd1 Bxa3 39.Bc3 Rd3 40.Ba1 Bc1  0-1

[Event "Zaragoza op-A"]
[Site "Zaragoza"]
[Date "1995.??.??"]
[Round "1"]
[White "Suba, Mihai"]
[Black "Jerez Perez, Alfonso"]
[Result "1-0"]
[WhiteElo "2475"]
[BlackElo "2350"]

1.c4 c6 2.Nf3 d5 3.e3 Nf6 4.Nc3 g6 5.d4 Bg7 6.Be2 O-O 7.O-O Nbd7 8.cxd5 cxd5
9.a4 Nb8 10.a5 Nc6 11.Qa4 Bd7 12.a6 bxa6 13.Qxa6 Nb4 14.Qa5 Qb6 15.Bd2 Nc6
16.Qa3 Rfb8 17.Na4 Qb3 18.Rfc1 Qxa3 19.Rxa3 Ne4 20.Be1 Bf8 21.Raa1 Nd8 22.b4 Bb5
23.Bxb5 Rxb5 24.Ne5 e6 25.Nc5 f6 26.Ned7 Bxc5 27.dxc5 Rb7 28.f3 Rxd7 29.fxe4 dxe4
30.c6 Rc7 31.b5  1-0

[Event "Zlin"]
[Site "Zlin"]
[Date "1995.??.??"]
[Round "?"]
[White "Hausner, Ivan"]
[Black "Haba, Petr"]
[Result "1/2-1/2"]
[WhiteElo "2455"]
[BlackElo "2410"]

1.c4 c6 2.e4 d5 3.exd5 cxd5 4.d4 Nf6 5.Nc3 e6 6.Nf3 Bb4 7.cxd5 Nxd5 8.Bd2 Nc6
9.Bd3 Be7 10.a3 Nf6 11.Be3 O-O 12.O-O b6 13.Qe2 Bb7 14.Rad1 Rc8 15.Bb1 Nd5
16.Rfe1 Nxc3 17.bxc3 Na5 18.Qd3 g6 19.Bh6 Re8 20.Ne5 Qd5 21.f3 Nc4 22.Nxc4 Qxc4
23.Bd2 Bh4 24.Qxc4 Rxc4 25.g3 Be7 26.Bd3 Rcc8 27.Re3 Bd5 28.Ra1 Bc4 29.Bxc4 Rxc4
30.a4 Rd8 31.f4 Bf6 32.Ra2 Rd5 33.Re1 Ra5 34.Rea1 Kf8 35.Kf2 Ke7 36.Ke2 Kd6
37.Kd3 Kd5 38.g4 Bg7 39.g5 h6 40.h4 h5 41.Be1 Bf8 42.Bd2 Bd6  1/2-1/2

[Event "Zuerich op"]
[Site "Zuerich"]
[Date "1995.??.??"]
[Round "3"]
[White "Kurz, Eugen"]
[Black "Domont, Alexandre"]
[Result "1/2-1/2"]
[WhiteElo "2345"]
[BlackElo "2340"]

1.c4 c6 2.Nc3 d5 3.cxd5 cxd5 4.d4 Nf6 5.Nf3 Nc6 6.e3 e6 7.Bd3 Be7 8.O-O O-O
9.Bd2 b6 10.Rc1 Bb7 11.a3 Rc8 12.b4 Qd6 13.Qa4 a6 14.b5 axb5 15.Nxb5 Qb8
16.Rc2 Qa8 17.Qb3 Na5 18.Bxa5 Qxa5 19.Ne5 Rxc2 20.Bxc2 Rc8 21.Bd3 Ne4 22.Bxe4 dxe4
23.Nc4 Qa6 24.Nbd6 Rxc4 25.Nxc4 Bd5 26.Qxb6 Qxc4 27.Qb8+ Bf8 28.Qb2 Qa4 29.Ra1 g6
30.Qc3 Bd6 31.h3 h5 32.Kh1 Kg7 33.Kg1 Kg8 34.Kh1 Kg7 35.Kg1 Kf6 36.Qc8 Ke7
37.g4 hxg4 38.hxg4 Qd7 39.Qxd7+ Kxd7 40.a4 Kc8 41.Rb1 Bc7 42.Kg2 Bc6 43.Ra1 Bd8
44.Rc1 Kb7 45.Rb1+ Ka6 46.Rb8 Be7 47.Rc8 Kb7 48.Rh8 Bxa4 49.Rh7 Be8 50.Rh8 Ba4
51.Rh7 Be8  1/2-1/2

[Event "Deildakeppni 9596"]
[Site "Gardaboer"]
[Date "1996.03.??"]
[Round "?"]
[White "Fridjonsson, Julius"]
[Black "Halldorsson, Bragi"]
[Result "1/2-1/2"]
[WhiteElo "2225"]
[BlackElo "2265"]

1.c4 c6 2.Nf3 d5 3.b3 Bf5 4.Bb2 Nd7 5.g3 Ngf6 6.Bg2 e6 7.O-O Bd6 8.d3 O-O
9.Nbd2 e5 10.e4 dxe4 11.Nxe4 Bxe4 12.dxe4 Qc7 13.Qc2 Rfe8 14.Bc3 b5 15.Qe2 b4
16.Bb2 Nc5 17.Ne1 a5 18.Nd3 Nxd3 19.Qxd3 Bc5 20.Rad1 Qb6 21.Bf3 a4 22.Qc2 a3
23.Bc1 Rad8 24.Bg5 Rxd1 25.Rxd1 Re6 26.Kg2 h6 27.Bxf6 Rxf6 28.Rd2 Bd4 29.h4 g6
30.Rd1 Kg7 31.Rd2 Qc5 32.Bg4 Qe7 33.Qd1 c5 34.Qc2 h5 35.Bf3 Rd6 36.Qd1 Rd8
37.Rd3 f5 38.Qe2 f4 39.Rd1 Rf8 40.Rh1 Rd8 41.Rd1 Qf6 42.Rh1 Rh8 43.Rh3 Bc3
44.Rh1 fxg3 45.fxg3 Rd8 46.Rd1 Bd4 47.Rh1 Rd6 48.Rd1 Qd8 49.Qd2 Qf6 50.Qe2 Kh7
51.Rf1 Bc3 52.Rd1 Bd4 53.Rf1 Qd8 54.Rd1 Kg8 55.Qd2 Kg7 56.Qe2 Kf7 57.Qd2 Ke6
58.Qh6 Kd7 59.Qg7+ Kc6 60.Qa7 Qc8 61.Rf1 Rd7 62.Bg4 hxg4 63.Rf6+ Rd6 64.Qa4+ Kc7
65.Qa7+ Kc6 66.Qa4+  1/2-1/2

[Event "Amsterdam VSB"]
[Site "Amsterdam"]
[Date "1996.??.??"]
[Round "2"]
[White "Timman, Jan H"]
[Black "Kramnik, Vladimir"]
[Result "1/2-1/2"]
[WhiteElo "2620"]
[BlackElo "2775"]

1.c4 c6 2.e4 d5 3.exd5 cxd5 4.d4 Nf6 5.Nc3 Nc6 6.Bg5 e6 7.Nf3 Be7 8.c5 O-O
9.Bb5 h6 10.Bxf6 Bxf6 11.O-O Ne7 12.b4 b6 13.Qd2 bxc5 14.bxc5 Bd7 15.Rab1 Rb8
16.Rb3 Bxb5 17.Nxb5 a6 18.Nc3 Rxb3 19.axb3 Nc6 20.Rb1 a5 21.Ne2 Qc7 22.h4 Rb8
23.g4 Rb4 24.Qe3 a4 25.Kg2 Nxd4 26.Nexd4 Bxd4 27.Nxd4 Qxc5 28.Nf3 Rxg4+ 29.Kh3 Qxe3
30.fxe3 Rb4 31.Nd2 g5 32.hxg5 hxg5 33.bxa4 Rxa4 34.Kg3 Kg7 35.Nf3 Kg6 36.Ne5+ Kf6
37.Ng4+ Kg7 38.Rb7 Re4 39.Kf3 Kg6 40.Rb6 Kf5 41.Nh6+ Kg6 42.Ng4 Ra4 43.Rb7 Re4  1/2-1/2

[Event "Asti op"]
[Site "Asti"]
[Date "1996.??.??"]
[Round "?"]
[White "Minnebo, Alain"]
[Black "Bianco, Valerio"]
[Result "1-0"]
[WhiteElo "2200"]
[BlackElo "2215"]

1.c4 c6 2.e4 e5 3.Nf3 Qa5 4.Be2 Nf6 5.O-O d6 6.Nc3 Be7 7.d4 O-O 8.Rb1 Qc7
9.b4 Bg4 10.Be3 Nbd7 11.Nd2 Bxe2 12.Qxe2 Rfe8 13.Rfc1 exd4 14.Bxd4 a6 15.f3 Rad8
16.Nf1 Qb8 17.a3 g6 18.Rd1 Bf8 19.Qb2 Bg7 20.Ne2 Qc7 21.Ne3 h5 22.h3 Re7
23.g4 Kh7 24.Kg2 b6 25.Ng3 h4 26.Ngf1 Rh8 27.Rd2 Ne8 28.Rbd1 Bxd4 29.Rxd4 Nf8
30.Qf2 Ne6 31.Qxh4+ Kg8 32.Qg3 Nxd4 33.Rxd4 Rd7 34.f4 Ng7 35.f5 g5 36.Nd2 f6
37.Nf3 Kf7 38.h4 gxh4 39.Nxh4 Rh7 40.g5 fxg5 41.Qxg5  1-0

[Event "AUT-chT2W 9596"]
[Site "Austria"]
[Date "1996.??.??"]
[Round "?"]
[White "Schlosser, Philipp"]
[Black "Atlas, Dimitry"]
[Result "1-0"]
[WhiteElo "2505"]
[BlackElo "2350"]

1.c4 c6 2.Nf3 d5 3.e3 Nf6 4.Nc3 g6 5.d4 Bg7 6.Be2 O-O 7.O-O a6 8.b3 Nbd7
9.a4 b6 10.Ba3 Re8 11.cxd5 Nxd5 12.Nxd5 cxd5 13.Rc1 Bb7 14.Bd3 e5 15.dxe5 Nxe5
16.Nd4 Nxd3 17.Qxd3 Rc8 18.Rxc8 Qxc8 19.Bb2 Qg4 20.Qd2 a5 21.h3 Qd7 22.Rd1 Rc8
23.Ne2 Bxb2 24.Qxb2 Qc6 25.Rc1 Qd6 26.Nd4 Rxc1+ 27.Qxc1 Qc5 28.Qd1 Kg7 29.g4 h6
30.Kg2 Bc8 31.Qa1 Kg8 32.Kf3 Be6 33.Nb5 Bd7 34.Nd4 Be6 35.Nxe6 fxe6 36.Qf6  1-0

[Event "AUT-chT2S 9697"]
[Site "Austria"]
[Date "1996.??.??"]
[Round "2"]
[White "Wegerer, Fred"]
[Black "Tabernig, Bernhard"]
[Result "1/2-1/2"]
[WhiteElo "2275"]
[BlackElo "2320"]

1.c4 c6 2.g3 d5 3.Bg2 Nf6 4.Qc2 e6 5.Nf3 Nbd7 6.O-O Be7 7.d3 O-O 8.b3 b5
9.Nbd2 a5 10.e4 a4 11.exd5 axb3 12.Nxb3 bxc4 13.dxc4 cxd5 14.Nbd4 Bc5 15.cxd5 exd5
16.Be3 Ba6 17.Rfd1 Bc4 18.Nd2 Ba6 19.Nc6 Qc8 20.Qxc5 Nxc5 21.Ne7+ Kh8 22.Nxc8 Rfxc8
23.Bh3 Ncd7 24.Bd4 Re8 25.Re1 Be2  1/2-1/2

[Event "AUT-chT9697"]
[Site "Austria"]
[Date "1996.??.??"]
[Round "2"]
[White "Hanel, Reinhard"]
[Black "Stajcic, Nikola"]
[Result "1/2-1/2"]
[WhiteElo "2350"]
[BlackElo "2275"]

1.c4 c6 2.d4 d5 3.Nc3 Nf6 4.Nf3 dxc4 5.a4 Bf5 6.Ne5 e6 7.e3 Nbd7 8.Nxc4 Bb4
9.Be2 a5 10.O-O Nb6 11.Ne5 Nbd7 12.Nc4 Nb6 13.Ne5 Nbd7  1/2-1/2

[Event "AUT-chT2S 9697"]
[Site "Austria"]
[Date "1996.??.??"]
[Round "3"]
[White "Deutsch, Ludwig"]
[Black "Tabernig, Bernhard"]
[Result "1-0"]
[WhiteElo "2275"]
[BlackElo "2210"]

1.c4 c6 2.e3 d5 3.Nf3 e6 4.Nc3 Bd6 5.d4 f5 6.Ne5 Nf6 7.f4 O-O 8.Be2 Ne4 9.Nxe4 fxe4
10.O-O Nd7 11.Bd2 g5 12.Bg4 Qe7 13.c5 Bc7 14.b4 gxf4 15.exf4 Nf6 16.Be2 Bd7
17.a4 a6 18.Ra3 Kh8 19.g4 b6 20.g5 Rg8 21.Rg3 Ne8 22.Bh5 Bxe5 23.fxe5 Ng7
24.Rf7 Qd8 25.g6 bxc5 26.gxh7 Qh4 27.hxg8=Q+ Rxg8 28.Bg6 Be8 29.Bg5  1-0

[Event "AUT-chT9697"]
[Site "Austria"]
[Date "1996.??.??"]
[Round "5"]
[White "Horvath, Csaba"]
[Black "Gaertner, Guntram"]
[Result "1/2-1/2"]
[WhiteElo "2530"]
[BlackElo "2380"]

1.c4 c6 2.d4 d5 3.Nc3 Nf6 4.e3 a6 5.b3 Bf5 6.Bd3 Bxd3 7.Qxd3 e6 8.Nf3 Nbd7
9.O-O Be7 10.e4 dxe4 11.Nxe4 Nxe4 12.Qxe4 O-O 13.Rd1 Qa5 14.a3 Rfd8 15.Bd2 Qh5
16.b4 Rac8 17.Rac1 b5 18.cxb5 Nf6 19.Qc2 axb5 20.Bf4 Nd5 21.Bg3 Bf6 22.Qb3 Nb6
23.Rc5 Rd5 24.Rdc1 Rxc5 25.dxc5 Na4 26.Rd1  1/2-1/2

[Event "AUT-chT2O 9697"]
[Site "Austria"]
[Date "1996.??.??"]
[Round "5"]
[White "Rumpl, Erwin"]
[Black "Lehner, Oliver"]
[Result "0-1"]
[WhiteElo "2165"]
[BlackElo "2250"]

1.c4 c6 2.Nc3 d5 3.cxd5 cxd5 4.d4 Nf6 5.Bf4 Nc6 6.e3 a6 7.Nf3 Bg4 8.h3 Bxf3
9.Qxf3 e6 10.Bd3 Rc8 11.O-O Be7 12.Rac1 O-O 13.g4 Na5 14.Ne2 Qb6 15.b3 Nc6
16.Ng3 Qa5 17.Bb1 Nb4 18.g5 Nd7 19.Qh5 g6 20.Qh6 Rfe8 21.Be5 Bf8 22.Qh4 Rxc1
23.Rxc1 Nxe5 24.dxe5 Nc6 25.Nh5 gxh5 26.Qxh5 Bg7 27.Bxh7+ Kf8 28.g6 Qd2 29.Rd1 Qc3
30.gxf7 Re7 31.Bg6 Nxe5  0-1

[Event "AUT-ch (Women)"]
[Site "?"]
[Date "1996.??.??"]
[Round "1"]
[White "Fauland Borek, Jutta"]
[Black "Horvath, Maria"]
[Result "1/2-1/2"]
[WhiteElo "2110"]
[BlackElo "2040"]

1.c4 c6 2.g3 d5 3.Bg2 Nf6 4.Nf3 g6 5.b3 Bg7 6.Bb2 O-O 7.O-O Bf5 8.d3 Qc8
9.Nbd2 Bh3 10.Rc1 Bxg2 11.Kxg2 e6 12.Qc2 Rd8 13.e4 dxe4 14.dxe4 Na6  1/2-1/2

[Event "AUT-ch (Women)"]
[Site "?"]
[Date "1996.??.??"]
[Round "9"]
[White "Happala, M."]
[Black "Hackbarth, Christa"]
[Result "1-0"]
[WhiteElo "1895"]
[BlackElo "1840"]

1.c4 c6 2.d4 d5 3.e3 Nf6 4.Nc3 e6 5.Qc2 Bd6 6.Bd2 Nbd7 7.f4 c5 8.Nb5 Be7
9.cxd5 exd5 10.dxc5 Bxc5 11.b4 Bb6 12.Nd6+ Kf8 13.Rc1 Ke7 14.Nf5+ Kf8 15.a4 Ne4
16.a5 g6 17.Ng3 Nxd2 18.Kxd2 Bxe3+ 19.Kxe3 Qe7+ 20.Kf2 Qxb4 21.Qc3 Qxc3 22.Rxc3 Nf6
23.Be2 h5 24.h4 Kg7 25.Nh3 Bxh3 26.Rxh3 Rac8 27.Rb3 Rc5 28.Rxb7 Rxa5 29.f5 Ng4+
30.Kg1 Ra1+ 31.Bf1 Kf6 32.fxg6 fxg6 33.Ne2 Re8 34.Rf3+ Ke5 35.Nf4 Ke4 36.Nxg6 Ne3
37.Rf4+  1-0

[Event "AUT-chT9596"]
[Site "?"]
[Date "1996.??.??"]
[Round "?"]
[White "Fahrner, Kurt"]
[Black "Lendwai, Reinhard"]
[Result "0-1"]
[WhiteElo "2275"]
[BlackElo "2375"]

1.c4 c6 2.Nc3 d5 3.d4 e6 4.Nf3 dxc4 5.a4 Bb4 6.g3 Nf6 7.Bg2 Nbd7 8.O-O O-O
9.Qc2 Qe7 10.Ne5 c5 11.e3 Rd8 12.Nxc4 Nf8 13.Rd1 cxd4 14.exd4 Bd7 15.Qb3 Bc6
16.Bxc6 bxc6 17.Na2 Bd6 18.Bg5 h6 19.Bxf6 gxf6 20.Qe3 Kg7 21.Nc1 Ng6 22.Nd3 Bc7
23.Rac1 Rd5 24.Nd2 Bb6 25.Nb3 Rad8 26.Nf4 Nxf4 27.Qxf4 Qb4 28.Rd3 Qxa4 29.Qg4+ Rg5
30.Qe4 c5 31.h4 Rf5 32.Qg4+ Kf8 33.Rdc3 cxd4 34.Nc5 Qc6 35.Nxe6+ Qxe6 36.Rc6 Qe5
37.Rc8 Rxc8 38.Rxc8+ Ke7  0-1

[Event "AUT-chT9596"]
[Site "?"]
[Date "1996.??.??"]
[Round "?"]
[White "Schneider, Attila"]
[Black "Horvath, Csaba"]
[Result "1/2-1/2"]
[WhiteElo "2380"]
[BlackElo "2540"]

1.c4 c6 2.d4 d5 3.cxd5 cxd5 4.Nc3 Nf6 5.Nf3 Nc6 6.Bf4 a6 7.e3 Bg4 8.Be2 e6
9.Ne5 Bxe2 10.Qxe2 Nxe5 11.Bxe5 Nd7 12.O-O Nxe5 13.dxe5 Be7 14.Rac1  1/2-1/2

[Event "Bad Woerishofen op"]
[Site "Bad Woerishofen"]
[Date "1996.??.??"]
[Round "6"]
[White "Gabriel, Christian"]
[Black "Hermann, Manfred"]
[Result "1-0"]
[WhiteElo "2510"]
[BlackElo "2385"]

1.c4 c6 2.d4 d5 3.Nf3 Nf6 4.Nc3 dxc4 5.a4 Bf5 6.e3 e6 7.Bxc4 Bb4 8.O-O O-O
9.Qe2 Nbd7 10.e4 Bg6 11.Bd3 Bh5 12.e5 Nd5 13.Ne4 Be7 14.Ng3 Bg6 15.Bxg6 fxg6
16.a5 a6 17.Ne4 h6 18.Ne1 Qe8 19.Nd3 g5 20.Bd2 Qg6 21.b4 Nc7 22.Rad1 Rad8
23.Bc3 g4 24.Rfe1 h5 25.Bd2 Nd5 26.Ndc5 Nxc5 27.bxc5 Rd7 28.Rb1 h4 29.Rb3 Nf4
30.Bxf4 Rxf4 31.g3 Rf8 32.Nd6 Bxd6 33.exd6 Rdf7 34.Qe4 Qg5 35.Rb2 h3 36.Qxe6 Kh8
37.Rbe2 Rf6 38.Qe5 Rf5 39.Qe7 R5f6 40.Qe3 Qg6 41.Qe4 Qg5 42.d7 R6f7 43.Qe6 Kh7
44.d5 cxd5 45.Re5 Qd2 46.Rf1 Qxa5 47.Rxd5 Qd8 48.Rh5+ Kg8 49.Rd1 a5 50.Qg6 Rf6
51.Qh7+ Kf7 52.Rg5 Rg8 53.Rxg4  1-0

[Event "AZE-ch"]
[Site "Baku"]
[Date "1996.??.??"]
[Round "?"]
[White "Allahverdiev, Anar"]
[Black "Guliev, Sarhan"]
[Result "0-1"]
[WhiteElo "2290"]
[BlackElo "2505"]

1.c4 c6 2.Nf3 d5 3.g3 Nf6 4.Bg2 Bf5 5.b3 e6 6.O-O h6 7.Bb2 Bc5 8.Qc1 Nbd7
9.d3 O-O 10.Bc3 Qe7 11.Qb2 a5 12.a3 Rfe8 13.Nbd2 e5 14.b4 d4 15.bxc5 dxc3
16.Qxc3 Nxc5 17.Nb3 Na4 18.Qc2 e4 19.Nbd4 exf3 20.exf3 Bh7 21.Qxa4 Qe5 22.Nc2 Bxd3
23.Rfc1 Nd7 24.f4 Qb2 25.Ne3 Nc5 26.Qd1 Rad8 27.Qe1 Nb3 28.Rcb1 Bxb1 29.Rxb1 Qxa3
30.Qc3 a4 31.c5 Qa2 32.Rf1  0-1

[Event "Baku Cup"]
[Site "Baku"]
[Date "1996.??.??"]
[Round "?"]
[White "Sideif Sade, Fikret I"]
[Black "Mirzoev, Azer"]
[Result "1/2-1/2"]
[WhiteElo "2425"]
[BlackElo "2265"]

1.c4 c6 2.Nf3 Nf6 3.Nc3 d5 4.e3 a6 5.b3 Bg4 6.Be2 e6 7.h3 Bh5 8.O-O Nbd7
9.Bb2 Bd6 10.cxd5 cxd5 11.Nd4 Bxe2 12.Qxe2 O-O 13.f4 Qe7 14.Rad1 Rac8 15.Qf3 Nb8
16.d3 Nc6 17.Nce2 Ba3 18.Ba1 Nxd4 19.Nxd4 b5 20.Qg3 Rc7 21.Nf3 Rfc8 22.Be5  1/2-1/2

[Event "Balatonbereny op"]
[Site "Balatonbereny"]
[Date "1996.??.??"]
[Round "1"]
[White "Szirmai, Eduard"]
[Black "Acs, Peter"]
[Result "1-0"]
[WhiteElo "2225"]
[BlackElo "2440"]

1.c4 c6 2.Nf3 Nf6 3.g3 d5 4.b3 Bg4 5.Bb2 Bxf3 6.exf3 e6 7.Bg2 Qb6 8.d3 Nbd7
9.O-O O-O-O 10.Qe2 h5 11.h4 Bd6 12.f4 Rdg8 13.d4 Qd8 14.Nd2 Ng4 15.Nf3 Kb8
16.c5 Be7 17.b4 f6 18.Bc1 Nf8 19.b5 Qd7 20.a4 Nh7 21.Re1 Re8 22.Bd2 Bd8 23.Reb1 Ka8
24.Rb2 Bc7 25.Rab1 e5 26.bxc6 Qxc6 27.fxe5 fxe5 28.dxe5 Bxe5 29.Nxe5 Nxe5
30.Rxb7 Nf6 31.Bf4 Ne4 32.Qb2 Nxc5 33.Bxd5 Qxd5 34.Rxa7+  1-0